| 000 | 01287cam a2200349 i 4500 | ||
|---|---|---|---|
| 999 |
_c200446546 _d64758 |
||
| 003 | TR-AnTOB | ||
| 005 | 20220407134443.0 | ||
| 007 | ta | ||
| 008 | 200303s2019 tu $r01 $$$$ tur utu | ||
| 020 | _a9789756153970 (volume 1) | ||
| 020 | _a9789756153987 (volume 2) | ||
| 040 |
_aTR-AnTOB _beng _erda _cTR-AnTOB |
||
| 041 | 0 | _atur | |
| 044 | _ctu | ||
| 050 | 0 | 0 |
_aPL248.İ536 _bP678 2019 |
| 090 | 0 | 0 |
_aPL248.İ536 _bP678 2019 |
| 100 | 1 |
_aİnan, Mehmet Akif, _d1940-2000 _eauthor _955515 |
|
| 245 | 1 | 0 |
_aPortre gölgeleri / _cMehmet Akif İnan ; hazırlayan: Yusuf Turan Günaydın. |
| 246 | 3 | 0 | _aPortre gölgeleri I : edebiyat, ilim, düşünce, siyaset adamları. |
| 246 | 3 | 0 | _aPortre gölgeleri II : mücerret portreler. |
| 264 | 1 |
_aAnkara : _bEğitim-Bir-Sen, _c2019. |
|
| 300 |
_avolumes ; _c21 cm |
||
| 336 |
_2rdacontent _atext _btxt |
||
| 337 |
_2rdamedia _aunmediated _bn |
||
| 338 |
_2rdacarrier _avolume _bnc |
||
| 490 | 0 |
_aEğitim-Bir-Sen Yayınları ; _v101, 102 |
|
| 500 | _avolume 1: Portre gölgeleri I : edebiyat, ilim, düşünce, siyaset adamları--volume 2: Portre gölgeleri II : mücerret portreler. | ||
| 650 | 7 |
_aTürk denemeleri _97069 _2etuturkob |
|
| 700 | 1 |
_aGünaydın, Yusuf Turan _eeditor _9110428 |
|
| 942 |
_2lcc _cBK |
||